[Event "Lovfalds 11th C"]
[Site "Ringsted"]
[Date "1997.09.20"]
[Round "3"]
[White "Henriksen, Kasper"]
[Black "Petersen, Jesper"]
[Result "0-1"]
[WhiteElo "1513"]
[BlackElo "1706"]
[PlyCount "51"]
[EventDate "1997.09.19"]
[EventType "tourn"]
[EventRounds "5"]
[EventCountry "DEN"]
[SourceTitle "EXT 2023"]
[Source "ChessBase"]
[SourceDate "2022.10.05"]
[SourceVersion "1"]
[SourceVersionDate "2022.10.05"]
[SourceQuality "1"]

1. e4 c5 2. Nf3 d6 3. d4 cxd4 4. Nxd4 Nf6 5. Nc3 g6 6. Be3 Bg7 7. f3 Bd7 8. Bc4 Nc6 9. Qd2 Rc8 10. Bb3 0-0 11. 0-0-0 Ne5 12. h4 h5 13. Bg5 Nc4 14. Qe2 Na5 15. g4 Nxb3+ 16. Nxb3 Nxg4 17. fxg4 Bxg4 18. Qf2 Bxd1 19. Rxd1 Bxc3 20. bxc3 Rxc3 21. Qd4 Qc7 22. Rd2 Rc8 23. Na1 Qa5 24. Bh6 f6 25. a4 Ra3 26. Nb3 0-1

[Event "Lovfalds 11th C"]
[Site "Ringsted"]
[Date "1997.09.20"]
[Round "2"]
[White "Petersen, Jesper"]
[Black "Bjerring, Tony"]
[Result "1-0"]
[WhiteElo "1706"]
[BlackElo "1504"]
[PlyCount "47"]
[EventDate "1997.09.19"]
[EventType "tourn"]
[EventRounds "5"]
[EventCountry "DEN"]
[SourceTitle "EXT 2023"]
[Source "ChessBase"]
[SourceDate "2022.10.05"]
[SourceVersion "1"]
[SourceVersionDate "2022.10.05"]
[SourceQuality "1"]

1. d4 Nf6 2. c4 e5 3. dxe5 Ng4 4. Bf4 Bb4+ 5. Nc3 f6 6. Nf3 Nc6 7. exf6 Qxf6 8. Bd2 Ne7 9. a3 Bd6 10. Ne4 Qxb2 11. Bc3 Qb6 12. Rb1 Qc6 13. Nxd6+ cxd6 14. e3 0-0 15. Qd4 Nf6 16. Bd3 d5 17. cxd5 Nexd5 18. Bc4 Kh8 19. Ba1 Nc7 20. 0-0 d5 21. Bd3 Ne6 22. Qh4 Qe8 23. Bxf6 h6 24. Qxh6+ 1-0

[Event "Lovsprings op 08th C"]
[Site "Ringsted"]
[Date "1996.04.26"]
[Round "7"]
[White "Petersen, Jesper"]
[Black "Jensen, Arne Skov"]
[Result "1-0"]
[WhiteElo "1634"]
[BlackElo "1540"]
[PlyCount "33"]
[EventDate "1996.03.08"]
[EventType "swiss"]
[EventRounds "7"]
[EventCountry "DEN"]
[SourceTitle "EXT 2023"]
[Source "ChessBase"]
[SourceDate "2022.10.05"]
[SourceVersion "1"]
[SourceVersionDate "2022.10.05"]
[SourceQuality "1"]

1. d4 d5 2. c4 Nf6 3. Nf3 c6 4. Nc3 g6 5. Bf4 Bg7 6. e3 0-0 7. cxd5 cxd5 8. Nb5 Na6 9. Rc1 Bd7 10. Nc7 Nxc7 11. Bxc7 Qe8 12. Bd3 Rc8 13. 0-0 Bg4 14. Qb3 Qd7 15. Ne5 Qe8 16. Nxg4 Nxg4 17. Bb5 1-0

[Event "Lovsprings op 08th C"]
[Site "Ringsted"]
[Date "1996.03.29"]
[Round "4"]
[White "Petersen, Jesper"]
[Black "Paustian, Dennis"]
[Result "0-1"]
[WhiteElo "1634"]
[BlackElo "1517"]
[PlyCount "60"]
[EventDate "1996.03.08"]
[EventType "swiss"]
[EventRounds "7"]
[EventCountry "DEN"]
[SourceTitle "EXT 2023"]
[Source "ChessBase"]
[SourceDate "2022.10.05"]
[SourceVersion "1"]
[SourceVersionDate "2022.10.05"]
[SourceQuality "1"]

1. d4 d5 2. c4 e6 3. Nc3 Nf6 4. Nf3 c6 5. c5 b6 6. cxb6 axb6 7. Bg5 Be7 8. e3 Ba6 9. Bd3 Bxd3 10. Qxd3 0-0 11. Ne5 c5 12. h4 Nfd7 13. Nxd7 Qxd7 14. g4 Nc6 15. a3 f5 16. gxf5 Rxf5 17. Ke2 Raf8 18. Raf1 Bf6 19. Bxf6 R8xf6 20. Ke1 Qf7 21. Nd1 e5 22. dxc5 bxc5 23. e4 dxe4 24. Qxe4 Rf4 25. Qc2 c4 26. Rh3 Nd4 27. Qa4 Nf3+ 28. Ke2 Qd5 29. Rxf3 Qxf3+ 30. Ke1 Re4+ 0-1

[Event "Lovsprings op 07th C"]
[Site "Ringsted"]
[Date "1995.05.19"]
[Round "7"]
[White "Nielsen, Carl Otto"]
[Black "Petersen, Jesper"]
[Result "1/2-1/2"]
[WhiteElo "1648"]
[BlackElo "1578"]
[PlyCount "82"]
[EventDate "1995.03.10"]
[EventType "swiss"]
[EventRounds "7"]
[EventCountry "DEN"]
[SourceTitle "EXT 2023"]
[Source "ChessBase"]
[SourceDate "2022.10.05"]
[SourceVersion "1"]
[SourceVersionDate "2022.10.05"]
[SourceQuality "1"]

1. d4 Nf6 2. c4 e6 3. Nc3 Bb4 4. e3 b6 5. Bd3 Bb7 6. Nf3 0-0 7. 0-0 d5 8. cxd5 Nxd5 9. Nxd5 Qxd5 10. Qc2 Qh5 11. e4 Nc6 12. a3 Be7 13. Bf4 Qg4 14. Bg3 f5 15. h3 Qh5 16. exf5 exf5 17. d5 Nd8 18. Bc4 Bd6 19. Be5 Nf7 20. Rfe1 Rae8 21. Qc3 Nxe5 22. Nxe5 Re7 23. Nc6 Bxc6 24. dxc6+ Kh8 25. Rxe7 Bxe7 26. Re1 Bf6 27. Qg3 Qh4 28. Qxh4 Bxh4 29. b4 Rd8 30. g3 Bf6 31. h4 g6 32. Kf1 Kg7 33. Re3 Kf8 34. f3 Rd6 35. Re6 Rxe6 36. Bxe6 Ke7 37. Bg8 h5 38. b5 Bb2 39. a4 Kf6 40. f4 Bd4 41. Ke2 Bc5 1/2-1/2

[Event "Lovfalds 08th D"]
[Site "Ringsted"]
[Date "1994.09.02"]
[Round "1"]
[White "Petersen, Jesper"]
[Black "Svava, Mogens"]
[Result "1/2-1/2"]
[WhiteElo "1546"]
[BlackElo "1578"]
[PlyCount "81"]
[EventDate "1994.09.02"]
[EventType "tourn"]
[EventRounds "5"]
[EventCountry "DEN"]
[SourceTitle "EXT 2023"]
[Source "ChessBase"]
[SourceDate "2022.10.05"]
[SourceVersion "1"]
[SourceVersionDate "2022.10.05"]
[SourceQuality "1"]

1. d4 d5 2. c4 c6 3. Nc3 e6 4. Nf3 dxc4 5. e3 b5 6. a4 b4 7. Na2 a5 8. Bxc4 Ba6 9. Qc2 Bxc4 10. Qxc4 Qd5 11. Qxd5 cxd5 12. Bd2 Bd6 13. 0-0 Ne7 14. Nc1 Nd7 15. Nd3 0-0 16. b3 Rfc8 17. Rfc1 Rxc1+ 18. Rxc1 Rc8 19. h3 Rxc1+ 20. Bxc1 f6 21. Bb2 Nc6 22. g4 e5 23. dxe5 Ncxe5 24. Nfxe5 fxe5 25. f3 e4 26. Nc1 Be5 27. Bxe5 Nxe5 28. fxe4 dxe4 29. Ne2 Nd3 30. Nd4 Nc5 31. Kf2 g5 32. Kg3 Kf7 33. h4 h6 34. hxg5 hxg5 35. Kg2 Ke8 36. Kf2 Kd7 37. Ke2 Kd6 38. Kf2 Kd5 39. Kg3 Nd3 40. Kg2 Ne5 41. Kg3 1/2-1/2

[Event "Lovsprings op 06th C"]
[Site "Ringsted"]
[Date "1994.05.01"]
[Round "5"]
[White "Petersen, Jesper"]
[Black "Mortensen, Orla Lind"]
[Result "1-0"]
[WhiteElo "1598"]
[BlackElo "1600"]
[PlyCount "78"]
[EventDate "1994.03.27"]
[EventType "swiss"]
[EventRounds "7"]
[EventCountry "DEN"]
[SourceTitle "EXT 2023"]
[Source "ChessBase"]
[SourceDate "2022.10.05"]
[SourceVersion "1"]
[SourceVersionDate "2022.10.05"]
[SourceQuality "1"]

1. d4 Nf6 2. c4 e5 3. dxe5 Ng4 4. Qd4 d6 5. exd6 Bxd6 6. Nf3 Nf6 7. Bg5 Nbd7 8. Nc3 0-0 9. e3 h6 10. Bh4 Be7 11. Rd1 c6 12. Be2 Qa5 13. a3 Qc7 14. 0-0 Rd8 15. Bg3 Qa5 16. Qd2 Ne5 17. Qc2 Nxf3+ 18. Bxf3 Be6 19. Be2 Bf5 20. e4 Bg6 21. f3 Nh5 22. Bf2 Nf4 23. Bg3 Bg5 24. h4 Nxe2+ 25. Nxe2 Qb6+ 26. Bf2 Be3 27. Nf4 Bxf2+ 28. Qxf2 Qb3 29. Qe2 Bh7 30. g4 Re8 31. g5 hxg5 32. hxg5 Bf5 33. Qd3 Qb6+ 34. Qd4 c5 35. Qd6 Qxb2 36. exf5 Qxa3 37. g6 Qe3+ 38. Kg2 fxg6 39. Qd5+ Kf8 1-0

[Event "Lovsprings op 05th C"]
[Site "Ringsted"]
[Date "1993.04.30"]
[Round "5"]
[White "Petersen, Jesper"]
[Black "Jensen, Dan Bronnum"]
[Result "1/2-1/2"]
[WhiteElo "1526"]
[BlackElo "1600"]
[PlyCount "65"]
[EventDate "1993.03.26"]
[EventType "swiss"]
[EventRounds "7"]
[EventCountry "DEN"]
[SourceTitle "EXT 2023"]
[Source "ChessBase"]
[SourceDate "2022.10.05"]
[SourceVersion "1"]
[SourceVersionDate "2022.10.05"]
[SourceQuality "1"]

1. d4 d5 2. c4 e6 3. Nc3 Nf6 4. Nf3 c6 5. Bg5 Nbd7 6. e3 Qa5 7. a3 Ne4 8. b4 Nxc3 9. bxa5 Nxd1 10. Kxd1 Bd6 11. Nd2 0-0 12. c5 Bc7 13. Nb3 e5 14. Kc2 f5 15. f3 Nf6 16. Be2 exd4 17. exd4 Bd7 18. Bd2 Rae8 19. Bd3 Re7 20. g3 Rfe8 21. Rae1 Rxe1 22. Rxe1 Rxe1 23. Bxe1 g6 24. Bd2 Be6 25. Kd1 Kg7 26. Ke2 h5 27. Be3 Nh7 28. Kf2 Bd8 29. Bf4 h4 30. a6 Bc8 31. axb7 Bxb7 32. a4 hxg3+ 33. hxg3 1/2-1/2

[Event "Lovsprings op 05th C"]
[Site "Ringsted"]
[Date "1993.04.18"]
[Round "3"]
[White "Stuhr, Finn"]
[Black "Petersen, Jesper"]
[Result "1-0"]
[WhiteElo "1561"]
[BlackElo "1526"]
[PlyCount "49"]
[EventDate "1993.03.26"]
[EventType "swiss"]
[EventRounds "7"]
[EventCountry "DEN"]
[SourceTitle "EXT 2023"]
[Source "ChessBase"]
[SourceDate "2022.10.05"]
[SourceVersion "1"]
[SourceVersionDate "2022.10.05"]
[SourceQuality "1"]

1. e4 c5 2. Nf3 d6 3. d4 cxd4 4. Nxd4 Nf6 5. Nc3 g6 6. Be2 Bg7 7. 0-0 0-0 8. f4 Nc6 9. Nb3 Bd7 10. Kh1 Rc8 11. a3 a6 12. g4 Ne8 13. Qd3 Bxc3 14. Qxc3 Ne5 15. Qh3 Nc4 16. f5 Ng7 17. Nd4 Ne5 18. Bf4 Qb6 19. Bxe5 dxe5 20. Nf3 Qe3 21. Bd3 f6 22. Rae1 Qb6 23. b3 g5 24. Qh6 Bb5 25. Nxg5 1-0